=LDR 00000nam 2200000 4500 =001 INLIS000000000001532 =005 20201019124938 =035 ##$$a 0010-061300000001532 =008 201019################g##########0#ind## =041 ##$$a Ind =082 ##$$a 320.540 956 24 =090 ##$$a 320.540 956 94, Kat-s =100 ##$$a Katz, Jacob =245 1#$$a Sejarah pertumbuhan dan perkembangan zionisme /$c Prof. Jacob Katz ; diterjemahkan, Joko Susilo MA. =260 ##$$a Surabaya :$b Pustaka Progressip,$c 1996 =300 ##$$a xv, 407 hlm, : $b ilus. ; $c 21 x 14 cm. =650 #4$$a Zionisme =700 #$$a Susilo MA, Joko =850 ##$$a NBPNMAT =020 ##$$a 979-8956-08-7 =084 ##$$a 320.540 956 24 KAT s =990 ##$$a 139.570/Pro.97 =990 ##$$a 130.571/Pro.97 =990 ##$$a 139.572/Pb.98 =990 ##$$a 122.395/Pro.97 =990 ##$$a 122.396/Pro.97 =990 ##$$a 139.571/Pb.98 =990 ##$$a 00042486 =990 ##$$a 21195513/BPAP-NTB/2014 =990 ##$$a 01201900247 =990 ##$$a 139.570/Pro.97 =990 ##$$a 130.571/Pro.97 =990 ##$$a 139.572/Pb.98 =990 ##$$a 122.395/Pro.97 =990 ##$$a 122.396/Pro.97 =990 ##$$a 139.571/Pb.98 =990 ##$$a 00042486 =990 ##$$a 01201900247 =990 ##$$a 122.395/Pro.97 =990 ##$$a 139.570/Pro.97 =990 ##$$a 130.571/Pro.97 =990 ##$$a 139.572/Pb.98 =990 ##$$a 122.396/Pro.97 =990 ##$$a 139.571/Pb.98 =990 ##$$a 00042486 =990 ##$$a 01201900247 =990 ##$$a 130.571/Pro.97 =990 ##$$a 139.570/Pro.97 =990 ##$$a 139.572/Pb.98 =990 ##$$a 122.395/Pro.97 =990 ##$$a 122.396/Pro.97 =990 ##$$a 139.571/Pb.98 =990 ##$$a 00042486 =990 ##$$a 01201900247 =990 ##$$a 139.572/Pb.98 =990 ##$$a 139.570/Pro.97 =990 ##$$a 130.571/Pro.97 =990 ##$$a 122.395/Pro.97 =990 ##$$a 122.396/Pro.97 =990 ##$$a 139.571/Pb.98 =990 ##$$a 00042486 =990 ##$$a 01201900247 =990 ##$$a 139.572/Pb.98 =990 ##$$a 139.570/Pro.97 =990 ##$$a 130.571/Pro.97 =990 ##$$a 122.395/Pro.97 =990 ##$$a 122.396/Pro.97 =990 ##$$a 139.571/Pb.98 =990 ##$$a 00042486 =990 ##$$a 01201900247 =990 ##$$a 122.396/Pro.97 =990 ##$$a 139.570/Pro.97 =990 ##$$a 130.571/Pro.97 =990 ##$$a 139.572/Pb.98 =990 ##$$a 122.395/Pro.97 =990 ##$$a 139.571/Pb.98 =990 ##$$a 00042486 =990 ##$$a 01201900247 =990 ##$$a 139.571/Pb.98 =990 ##$$a 139.570/Pro.97 =990 ##$$a 130.571/Pro.97 =990 ##$$a 139.572/Pb.98 =990 ##$$a 122.395/Pro.97 =990 ##$$a 122.396/Pro.97 =990 ##$$a 00042486 =990 ##$$a 01201900247 =990 ##$$a 00056692 =990 ##$$a 139.570/Pro.97 =990 ##$$a 130.571/Pro.97 =990 ##$$a 139.572/Pb.98 =990 ##$$a 122.395/Pro.97 =990 ##$$a 122.396/Pro.97 =990 ##$$a 139.571/Pb.98 =990 ##$$a 00042486 =990 ##$$a 00042486 =990 ##$$a 139.570/Pro.97 =990 ##$$a 130.571/Pro.97 =990 ##$$a 139.572/Pb.98 =990 ##$$a 122.395/Pro.97 =990 ##$$a 122.396/Pro.97 =990 ##$$a 139.571/Pb.98 =990 ##$$a 00056692 =990 ##$$a 122.395/Pro.97 =990 ##$$a 139.570/Pro.97 =990 ##$$a 130.571/Pro.97 =990 ##$$a 139.572/Pb.98 =990 ##$$a 122.396/Pro.97 =990 ##$$a 139.571/Pb.98 =990 ##$$a 00042486 =990 ##$$a 00056692